Oceľový drôt a drôtené výrobky. STN 42 6470. EN 10244-3 : Neželezné kovové povlaky na oceľovom drôte. Časť 3: Hliníkové povlaky. 1.12.2001

Saved in:
Bibliographic Details
Format: Book
Language:English
Published: Bratislava : Slovenský ústav technickej normalizácie, 2001
Subjects:
Tags: Add Tag
No Tags, Be the first to tag this record!

MARC

LEADER 00000nam a22000003a 4500
001 stu137313
005 20150408163130.5
008 070123s2001----xo------------------eng-d
040 |a STU  |b slo 
041 0 |a eng 
044 |a xo 
080 |a 669 
245 |a Oceľový drôt a drôtené výrobky. STN 42 6470. EN 10244-3 :  |b Neželezné kovové povlaky na oceľovom drôte. Časť 3: Hliníkové povlaky. 1.12.2001 
260 |a Bratislava :  |b Slovenský ústav technickej normalizácie,  |c 2001 
300 |a 6 p 
650 7 |a oceľové drôty  |2 stusub 
996 |b 284M075682  |c M*N-1255  |l MMKN  |s A  |a 24  |w stu137313_0001